000 002980000a22000970004500
100 1 _aRivera, Aradí
245 1 0 _a¿Por qué los niños olvidan los versículos bíblicos que han memorizado?
300 _aVol. 50, Núm 218 (1995), Páginas 10-12
773 0 _tLa Biblia de las Américas
942 _cANA
999 _c51384
_d51384